Statystyki dla Nazwij pasujące państwo europejskie #4

Kliknij tutaj aby rozwiązać quiz!

Ogólne statystyki

  • Ten quiz został rozwiązany 562 razy
  • Średni wynik to 12 z 15

Statystyki odpowiedzi

KryteriumPaństwo% Poprawnych
Posiada przynajmniej jeden wulkanIslandia | Norwegia | Grecja | Włochy | Portugalia | Hiszpania
99%
Jest monarchiąWielka Brytania | Luksemburg | Belgia | Holandia | Hiszpania | Liechtenstein | Dania | Szwecja | Norwegia | Monako
96%
Jest krajem bałtyckimEstonia | Litwa | Łotwa
95%
Znajduje się w nim przynajmniej 20 obiektów z listy światowego dziedzictwa UNESCOFrancja | Hiszpania | Niemcy | Rosja | Wielka Brytania | Włochy
93%
Jest w czołowej dziesiątce światowych producentów ziemniakówHolandia | Polska | Niemcy | Rosja | Ukraina | Francja
93%
Było jednokrotnym gospodarzem letnich Igrzysk OlimpijskichHolandia | Belgia | Finlandia | Szwecja | Rosja | Włochy | Hiszpania
89%
Znajduje się w strefie czasowej UTC+02:00Rosja | Ukraina | Estonia | Litwa | Łotwa | Mołdawia | Rumunia | Bułgaria | Grecja | Finlandia
89%
Zarejestrowane w nim samochody mają żółte tablice rejestracyjneLuksemburg | Holandia | Wielka Brytania
87%
Jego flaga składa się w ponad 75% z koloru czerwonegoDania | Albania | Szwajcaria | Łotwa | Czarnogóra
85%
Ma pierwiastek chemiczny nazwany na jego cześćPolska | Francja | Niemcy
81%
Najpopularniejszym sportem w nim nie jest piłka nożnaIrlandia | Austria | Finlandia | Litwa | Łotwa | Estonia
76%
Wykonuje karę śmierciBiałoruś
73%
Jego reprezentant zdobył mistrzostwo świata w darcie przynajmniej razWielka Brytania | Holandia
70%
Używa euro jako waluty, ale nie jest członkiem Unii EuropejskiejKosowo | Czarnogóra | San Marino | Andora | Monako | Watykan
62%
Na jego obszarze znajduje się część Gór DynarskichSłowenia | Chorwacja | Bośnia i Hercegowina | Serbia | Czarnogóra | Albania | Kosowo
60%

Rozkład punktacji

Percentyl według liczby udzielonych odpowiedzi

Procent ludzi z każdym wynikiem

Twoja historia wyników

Nie rozwiązałeś tego quizu